[Event "Bad Woerishofen op"]
[Site "?"]
[Date "2001.??.??"]
[Round "1"]
[White "Schneider, Richard"]
[Black "Bertz, Uwe"]
[Result "1-0"]
[WhiteElo "2180"]
[BlackElo "1780"]
[Annotator "ChessOrg"]
[PlyCount "75"]
[EventDate "2000.??.??"]

1. c4 {D36: Damengambit (Abtauschvariante)} 1... e6 2. Nc3 d5 3. d4 Nf6 4. cxd5
exd5 5. Bg5 Be7 6. e3 c6 7. Qc2 Ne4 8. Bxe7 Qxe7 9. Nxd5 {letzter Buchzug} 9...
cxd5 10. Qxc8+ Qd8 11. Qxd8+ (11. Bb5+ $142 11... Ke7 12. Qxb7+ Nd7 13. Qxd5
Qa5+ 14. Kf1 $18) 11... Kxd8 12. Nh3 Nc6 13. Bd3 Ke7 14. Ke2 h6 15. Rhc1 Rad8
16. f3 Ng5 17. Nf2 Kd6 18. Rc3 Rhe8 19. Kd2 Re7 20. a3 a6 21. Rac1 Na7 22. a4
Rde8 23. Bf1 f5 24. f4 Ne4+ (24... Nh7 25. g4 $16) 25. Nxe4+ fxe4 26. b4 g5 27.
g3 gxf4 28. gxf4 Rg8 29. Bh3 Reg7 30. Rf1 Nc6 31. b5 (31. Rb1 Rg1 32. Rxg1
32... Rxg1 $14) 31... axb5 32. axb5 Na5 33. Ke2 Nc4 34. Rcc1 Na3 35. f5 Nxb5
36. Rc5 Nc7 (36... Rc7 37. Rxb5 Rc2+ 38. Kd1 38... Rxh2 $11) 37. Rb1 37... Ra8
$4 (37... Na8 38. Rbb5 b6 39. Rxd5+ 39... Kc6 $16) 38. Rb6+ $18 (38. Rb6+ Kd7
39. f6+ Rg4 40. Bxg4+ Ke8 41. Rxc7 Ra2+ 42. Kf1 Ra1+ 43. Kf2 Ra8 44. f7+ Kf8
45. Rg6 Ra2+ 46. Kg3 Rg2+ 47. Kxg2 b5 48. Rg8#) 1-0

[Event "Bad Woerishofen op"]
[Site "Bad Woerishofen"]
[Date "2001.??.??"]
[Round "3"]
[White "Schneider, Richard"]
[Black "Sokolov, Andrei"]
[Result "0-1"]
[WhiteElo "2180"]
[BlackElo "2566"]
[Annotator "ChessOrg"]
[PlyCount "72"]
[EventDate "1998.03.05"]
[Source "ChessBase"]
[SourceDate "1998.04.29"]

1. d4 {A46: Damenbauernspiele} 1... Nf6 2. Nf3 e6 3. Bg5 h6 4. Bh4 c5 5. e3
5... Qb6 {letzter Buchzug} 6. Bxf6 (6. b3 6... Ne4 $11) 6... gxf6 7. Nbd2 (7.
b3 7... d5 $11) 7... d5 (7... Qxb2 $5 8. Ne4 cxd4 9. Qxd4 Bb4+ 10. Kd1 Qxd4+
11. Nxd4 11... Ke7 $15) 8. Rb1 $11 8... Bd7 9. Be2 Nc6 10. c3 cxd4 11. exd4 e5
12. O-O (12. Qb3 Rg8 13. Qxd5 13... Be6 $11 (13... Rxg2 $2 14. Nxe5 fxe5 15.
Qxg2 $18)) 12... e4 (12... Bf5 13. Rc1 Qxb2 14. Qa4 $17) 13. Nh4 f5 14. Bh5 Be7
15. Bxf7+ Kxf7 16. Qh5+ Kf8 17. Nxf5 Bg5 18. f4 Be8 (18... Bxf5 19. fxg5 Ne7
20. Rxf5+ Nxf5 21. Rf1 $16) 19. Qh3 Bf6 20. Ne3 Ne7 21. Kh1 Qd6 22. c4 Bxd4 23.
cxd5 Bxe3 24. Qxe3 Qxd5 25. f5 Bc6 26. Rbe1 Rd8 (26... Nxf5 27. Qxe4 Qxe4 28.
Nxe4 $19) 27. Nxe4 Qxe4 (27... Nxf5 $2 28. Qh3 Bd7 29. Qc3 $18) (27... Qxa2 28.
Qc5 Qd5 29. f6 Qxc5 30. fxe7+ (30. Nxc5 $143 30... Nd5 $19) 30... Kxe7 31.
Nxc5+ Kd6 32. b4 $11) 28. Qxe4 Bxe4 29. Rxe4 Kf7 30. Re2 Rd4 31. h3 h5 32. Kg1
Rc8 33. f6 Ng6 34. Rf5 h4 35. Ref2 (35. Kh2 35... Rc6 $19) 35... Rc1+ 36. Kh2 (
36. Rf1 Rxf1+ 37. Rxf1 $19) 36... Rdd1 (36... Rdd1 37. g4 Rh1+ 38. Kg2 Rcg1+
39. Kf3 Rxh3+ 40. Ke2 40... Rxg4 $19) 0-1

[Event "Bad Woerishofen op"]
[Site "Bad Woerishofen"]
[Date "2001.??.??"]
[Round "5"]
[White "Schneider, Richard"]
[Black "Pruesse, Horst"]
[Result "1-0"]
[WhiteElo "2180"]
[BlackElo "2042"]
[Annotator "ChessOrg"]
[PlyCount "81"]
[EventDate "1998.03.05"]
[Source "ChessBase"]
[SourceDate "1998.04.29"]

1. c4 {A29: Englische Eroeffnung (Vierspringer-Variante)} 1... e5 2. g3 Nf6 3.
Bg2 d5 4. cxd5 Nxd5 5. Nc3 Nb6 6. Nf3 Nc6 7. O-O Be7 8. a4 a5 9. Nb5 O-O 10. d3
Be6 11. e4 11... f5 {letzter Buchzug} 12. exf5 Bxf5 13. d4 exd4 (13... e4 14.
Qb3+ Qd5 15. Qxd5+ Nxd5 16. Nd2 $11) 14. Nfxd4 Nxd4 15. Nxd4 c6 (15... Bc8 16.
Qb3+ Rf7 17. Be3 $11) 16. Nxf5 (16. Qb3+ Kh8 17. Nxf5 17... Rxf5 $16) 16...
Rxf5 $14 17. Qb3+ Kh8 18. Be3 (18. Rd1 Nd5 19. Qxb7 19... Qe8 $16) 18... Bc5
19. Bxc5 Rxc5 20. Rad1 Qc7 21. Qe3 (21. Rfe1 $5 $14) 21... Re5 $11 (21... Nxa4
$143 22. Rfe1 Rf5 23. Qe4 $18) 22. Qf4 Rae8 23. b3 (23. Rde1 23... Qd6 $11)
23... Qe7 $15 24. h4 h6 25. Rd2 Nd7 26. Rfd1 Nc5 27. Qc4 Re1+ 28. Kh2 Rxd1 29.
Rxd1 Rf8 30. Kg1 Rf5 31. Qg4 Qf8 32. f4 Kh7 33. Kh2 Qf6 34. Kh3 g6 35. Rd2 (35.
Qf3 Qe6 36. Kh2 36... Rf7 $11) 35... h5 (35... Qe6 $5 $15) 36. Qe2 Qf8 (36...
Nxb3 $143 37. Rd7+ Kh6 38. Rxb7 $16) 37. Rd1 Rf7 38. Qc4 Qc8+ (38... Rd7 39.
Rxd7+ Nxd7 40. Kh2 $11) 39. Kh2 $16 39... Qf5 $2 (39... Qf8 40. Rd8 Qe7 41. Ra8
$16) 40. Rc1 $4 (40. Bh3 $142 40... b5 41. Qc3 $18 (41. Bxf5 $2 41... bxc4 42.
Bb1 42... cxb3 $17) (41. axb5 $6 41... cxb5 42. Qc3 42... b4 $18)) 40... Ne6 $4
(40... Nd7 $14 $142) 41. Bh3 $18 (41. Bh3 Qf6 42. Qxe6 Qxe6 43. Bxe6 $18) 1-0

[Event "Bad Woerishofen op"]
[Site "Bad Woerishofen"]
[Date "2001.??.??"]
[Round "7"]
[White "Schneider, Richard"]
[Black "Straub, Peter"]
[Result "1/2-1/2"]
[WhiteElo "2180"]
[BlackElo "2068"]
[Annotator "ChessOrg"]
[PlyCount "52"]
[EventDate "1998.03.05"]
[Source "ChessBase"]
[SourceDate "1998.04.29"]

1. d4 {A40: Verschiedene (seltene) Antworten auf 1.d4} 1... b6 2. Bg5 h6 3. Bh4
Nf6 4. Nd2 Bb7 5. e3 e6 6. Ngf3 c5 7. Bd3 Be7 8. O-O O-O 9. Qe2 d6 10. c3 10...
a6 {letzter Buchzug} 11. a4 Nbd7 12. e4 Nh5 13. Bg3 Nxg3 14. hxg3 (14. fxg3
14... Bf6 $11) 14... e5 15. dxe5 dxe5 16. Nc4 Qc7 17. Ne3 g6 (17... Nf6 18.
Rfd1 $15) 18. Bc4 (18. Nd5 $5 18... Qd6 19. Rfd1 $11) 18... Bxe4 $15 19. Bd5
Bxd5 20. Nxd5 Qd6 21. Rfd1 Ra7 22. a5 b5 23. Rd2 Qe6 24. Nxe7+ Qxe7 25. Qe4 Re8
26. Re1 Kg7 1/2-1/2

[Event "Bad Woerishofen op"]
[Site "Bad Woerishofen"]
[Date "2001.??.??"]
[Round "9"]
[White "Schneider, Richard"]
[Black "Heika, Martin"]
[Result "0-1"]
[WhiteElo "2180"]
[BlackElo "2325"]
[Annotator "ChessOrg"]
[PlyCount "160"]
[EventDate "1998.03.05"]
[Source "ChessBase"]
[SourceDate "1998.04.29"]

1. c4 {A18: Englische Eroeffnung} 1... Nf6 2. Nc3 e6 3. e4 d5 4. e5 Nfd7 5. d4
c5 6. cxd5 6... cxd4 {letzter Buchzug} 7. Qxd4 Bc5 (7... exd5 8. Qxd5 (8. Nxd5
$143 8... Nb6 $17) 8... Bb4 9. Nf3 $16) 8. Qg4 Kf8 9. Qg3 (9. dxe6 $5 9... Nxe5
10. Qh5 $16) 9... exd5 $11 10. Nf3 Nc6 11. Nxd5 Ndxe5 12. Nxe5 (12. Qxe5 Nxe5)
12... Qxd5 13. Nxc6 bxc6 14. a3 Bf5 15. Be2 Re8 16. Be3 Bd6 17. Qh4 (17. Qg5 $5
17... h6 18. Qh5 $17) 17... Qxg2 $17 18. O-O-O Qe4 19. Qxe4 Bxe4 (19... Rxe4 $4
20. Rxd6 Ke7 21. Rhd1 $18 (21. Rxc6 $6 21... Rxe3 22. fxe3 22... Be4 $18)) 20.
Rhe1 Bd5 21. Bc4 f6 (21... Re6 22. Bxd5 cxd5 23. Rxd5 $11) 22. Bxd5 cxd5 23.
Rxd5 Bxh2 24. Rd7 Rc8+ 25. Kb1 h5 (25... a6 26. b4 h5 27. Bc5+ Kg8 28. Ree7 $11
) 26. Bxa7 $14 26... Be5 27. b4 h4 28. b5 (28. Bc5+ 28... Kg8 $14) 28... h3 29.
b6 h2 30. b7 Re8 31. Rh1 Rh3 32. Bc5+ Kg8 33. Bd6 (33. Be3 33... Kh7 $14) 33...
Rb3+ (33... Bxd6 34. Rxd6 Rxa3 35. Rd7 $17) 34. Kc1 (34. Kc2 $5 $142 34... Rb2+
35. Kc1 Rxb7 36. Rxb7 Bxd6 37. Kc2 $11) 34... Bxd6 $17 35. Rxd6 Rxb7 (35...
Rxa3 36. Rxh2 Rc3+ 37. Kd2 $17) 36. Rxh2 $11 36... Re1+ 37. Kd2 Ra1 38. Rd3 Re7
(38... Ra2+ $5 39. Ke3 39... Ra7 $17) 39. Kc2 $11 39... Re2+ 40. Kb3 Rb1+ 41.
Kc4 Rb7 42. Rf3 Rc2+ 43. Kd5 Kf7 44. Rh7 Rd7+ 45. Ke4 Ke6 46. Rh8 g5 47. Re8+
Kf7 48. Rh8 (48. Ra8 $5 $15 $142) 48... Rc4+ $19 49. Ke3 Rc3+ 50. Ke2 Re7+ 51.
Re3 Rexe3+ 52. fxe3 Rxa3 53. Rb8 Kg6 54. Kf3 f5 55. Rg8+ Kh6 56. Rh8+ Kg7 57.
Re8 Kf7 58. Re5 Kf6 59. Re8 Ra6 60. Rf8+ Ke5 61. Re8+ Re6 62. Rd8 g4+ 63. Kf2
Re7 64. Ke2 (64. Rc8 64... Ke4 $17) 64... Rh7 65. Re8+ Kd6 66. Kf2 Rh2+ 67. Kg3
Re2 68. Kf4 (68. Kh4 68... Re1 $19) 68... Rf2+ 69. Kg3 Rf3+ 70. Kg2 Kd5 71. Re7
Kc4 72. e4 (72. Re5 72... Kd3 $19) 72... f4 73. e5 Re3 (73... Rg3+ 74. Kf1 $19)
74. e6 (74. Rf7 $142 74... Re2+ 75. Kf1 $19) 74... Kd3 75. Rf7 f3+ 76. Kg3 Re4
(76... Ke2 77. e7 $19) 77. e7 Ke2 78. Rf4 Rxe7 79. Rxg4 (79. Rc4 $19) 79... f2
80. Ra4 (80. Rf4 Rg7+ 81. Kh4 $19) 80... f1=Q (80... f1=Q 81. Ra2+ Kd3 82. Ra3+
Kc4 83. Ra4+ Kc5 84. Rf4 Rg7+ 85. Rg4 Qg1+ 86. Kf3 Rxg4 87. Ke2 Kd4 88. Kd2
Rg2#) 0-1

[Event "Bad Woerishofen op"]
[Site "Bad Woerishofen"]
[Date "2001.??.??"]
[Round "2"]
[White "Schnur, Gerhard"]
[Black "Vatter, Hans-Joachim"]
[Result "0-1"]
[WhiteElo "2144"]
[BlackElo "2342"]
[Annotator "ChessOrg"]
[PlyCount "66"]
[EventDate "1998.03.05"]
[Source "ChessBase"]
[SourceDate "1998.04.29"]

1. d4 {A41: Moderne Verteidigung} 1... d6 2. c4 e5 3. dxe5 dxe5 4. Qxd8+ Kxd8
5. Nc3 5... c6 {letzter Buchzug} 6. g3 Be6 7. b3 Na6 (7... Nf6 8. Nf3 $11) 8.
Bb2 $14 8... f6 9. Bh3 Bxh3 10. Nxh3 Nh6 11. e3 Nc5 12. Rd1+ Kc7 13. f3 a5 14.
Ke2 (14. e4 $5 $11) 14... a4 $15 15. b4 a3 16. bxc5 (16. Ba1 $5 16... Na4 17.
c5 $11) 16... axb2 $17 17. Rd2 Bxc5 (17... Ra3 18. Ne4 Rxa2 19. Rb1 $15) 18.
Rxb2 $15 18... Nf5 19. Rhb1 (19. Ne4 Bxe3 20. Rhb1 20... b5 $15) 19... Rhb8 (
19... Nd6 $5 $15) 20. Ne4 $11 20... Bf8 21. g4 Nd6 22. Nxd6 Bxd6 23. Nf2 Ra4
24. Ne4 Be7 (24... Rxc4 $2 25. Rxb7+ Rxb7 26. Rxb7+ Kxb7 27. Nxd6+ Kb6 28.
Nxc4+ Kc5 29. Kd3 $18) 25. Nd2 Ra3 (25... b6 26. h4 $15) 26. Ne4 g6 27. h3 b6
28. Rc2 (28. c5 28... b5 $15) 28... f5 $17 29. gxf5 gxf5 30. Ng3 Rg8 31. Nh1
Rg2+ 32. Nf2 Bh4 33. Kf1 Rxf2+ (33... Rxf2+ 34. Rxf2 Bxf2 35. Kxf2 Rxa2+ 36.
Kg3 36... Ra4 $19) 0-1

[Event "Bad Woerishofen op"]
[Site "Bad Woerishofen"]
[Date "2001.??.??"]
[Round "4"]
[White "Schnur, Gerhard"]
[Black "Warter, Siegfried"]
[Result "1-0"]
[WhiteElo "2144"]
[BlackElo "1800"]
[Annotator "ChessOrg"]
[PlyCount "55"]
[EventDate "1998.03.05"]
[Source "ChessBase"]
[SourceDate "1998.04.29"]

1. d4 {D13: Damengambit (Slawische Verteidigung, Abtauschvariante)} 1... d5 2.
Nf3 Nf6 3. c4 c6 4. cxd5 cxd5 5. Nc3 Nc6 6. Bf4 a6 7. e3 Bf5 8. Be2 {
letzter Buchzug} 8... Qb6 9. O-O Qxb2 10. Na4 Qc2 (10... Qa3 $5 $15) 11. Qxc2
$11 11... Bxc2 12. Nb6 Ra7 13. Rfc1 Bf5 14. Ne5 g5 15. Bxg5 15... Bg7 $2 (15...
Nxe5 $5 $142 16. dxe5 16... Ne4 $18) 16. Bxf6 Bxf6 17. Nxc6 bxc6 18. Rxc6 e6 (
18... Bd7 19. Nxd7 Kxd7 20. Rac1 $18) 19. Nc8 Ra8 (19... Rb7 20. Nd6+ Kd7 21.
Rxa6 $18 (21. Nxb7 $6 21... Kxc6 22. Nc5 22... Be7 $18) (21. Bxa6 $6 21... Kxc6
22. Nxb7 22... Be7 $16)) 20. Nd6+ Kd7 21. Rac1 Bg6 (21... Bd8 22. Nxf7 Rf8 23.
Nxd8 Kxd8 24. Bxa6 24... Rf7 $18) 22. Rc7+ Kd8 23. Nxf7+ (23. Bd1 $142 23...
Be7 24. Nb7+ Ke8 25. Rc8+ Rxc8 26. Rxc8+ Kd7 27. Rxh8 $18) 23... Bxf7 24. Rxf7
Be7 25. g3 (25. Rb1 $5 $142 25... h5 26. Rb7 26... Bd6 $18) 25... Ke8 26. Bh5
Kd7 27. Rb1 Ra7 (27... Rab8 28. Rxb8 Rxb8 29. Rxh7 $18) 28. Rb6 (28. Rb6 h6 29.
Bg4 $18) 1-0

[Event "Bad Woerishofen op"]
[Site "Bad Woerishofen"]
[Date "2001.??.??"]
[Round "6"]
[White "Schnur, Gerhard"]
[Black "Behlert, Stefan"]
[Result "1/2-1/2"]
[WhiteElo "2144"]
[BlackElo "1790"]
[Annotator "ChessOrg"]
[PlyCount "36"]
[EventDate "1998.03.05"]
[Source "ChessBase"]
[SourceDate "1998.04.29"]

1. d4 {A90: Hollaendische Verteidigung (Klassisches System, Stonewall)} 1... e6
2. c4 f5 3. Nf3 c6 4. g3 Nf6 5. Bg2 d5 6. O-O Be7 7. Nbd2 O-O 8. b3 Qe8 9. Ne5
Nbd7 10. Ndf3 {letzter Buchzug} 10... Ne4 11. Bf4 g5 12. Nxd7 Bxd7 13. Be5 Bf6
(13... dxc4 $5 14. bxc4 14... c5 $14) 14. Bxf6 $16 14... Rxf6 15. Ne5 Rd8 16.
f3 Nd6 17. c5 Nf7 18. Nxf7 Qxf7 (18... Rxf7 19. e3 $14) 1/2-1/2

[Event "Bad Woerishofen op"]
[Site "Bad Woerishofen"]
[Date "2001.??.??"]
[Round "8"]
[White "Schnur, Gerhard"]
[Black "Braun, Peter"]
[Result "0-1"]
[WhiteElo "2144"]
[BlackElo "2258"]
[Annotator "ChessOrg"]
[PlyCount "82"]
[EventDate "1998.03.05"]
[Source "ChessBase"]
[SourceDate "1998.04.29"]

1. d4 {E17: Damenindisch (Hauptfortsetzung)} 1... Nf6 2. Nf3 b6 3. g3 Bb7 4.
Bg2 e6 5. O-O Be7 6. c4 d6 7. Nc3 7... O-O {letzter Buchzug} 8. b3 Nbd7 9. Bb2
a6 10. Qc2 c5 11. Rfd1 Qc7 12. Rac1 Rac8 13. Qb1 Qb8 14. dxc5 Nxc5 15. Ne1 Rfd8
16. Bxb7 Qxb7 17. Ng2 b5 18. cxb5 axb5 19. b4 Nce4 20. Nxe4 Nxe4 21. Qd3 d5 22.
Rxc8 Rxc8 23. a3 h6 24. Rc1 (24. Nf4 24... Bg5 $15) 24... Rxc1+ $17 25. Bxc1
Qc6 26. Bd2 Bf6 27. Ne1 Bb2 28. Nc2 e5 29. f4 f6 30. fxe5 fxe5 31. Be3 Kh8 32.
Bd2 Kg8 (32... Nd6 33. Be3 $17) 33. Be1 (33. Be3 $5 $11) 33... Kh7 34. Bd2 Kh8
35. Be1 Nf6 (35... Bc1 36. Bf2 $15) 36. Bd2 (36. Qb3 $5 $142 36... Bd4+ 37.
Nxd4 exd4 38. Qd1 $14) 36... d4 37. Qb3 Bc3 38. Be1 (38. Bxc3 dxc3 39. Qf7
39... Kh7 $17) 38... h5 (38... Qe4 39. e3 Nd5 40. a4 $19) 39. Bf2 $2 (39. Bxc3
Qxc3 40. Qxc3 dxc3 41. Kf2 $11) 39... Qe4 $19 40. Be3 $2 (40. e3 Qf5 41. exd4
$19) 40... Ng4 (40... dxe3 41. Qxc3 Ng4 42. Qd3 Qxd3 43. exd3 $14) 41. Qf7 dxe3
(41... dxe3 42. Qxh5+ Nh6 43. Qe8+ Kh7 44. Qxb5 44... Qxc2 $19) (41... Nxe3 42.
Qxh5+ Kg8 43. Qe8+ Kh7 44. Qh5+ Kg8 45. Qe8+ Kh7 46. Qh5+ 46... Kg8 $11) (41...
Qxc2 42. Qxh5+ Kg8 43. Qe8+ Kh7 44. Qh5+ Nh6 45. Bxh6 $11) 0-1

[Event "Bad Woerishofen op"]
[Site "?"]
[Date "2001.??.??"]
[Round "1"]
[White "Schoebel, Klaus"]
[Black "Sailer, Wolfgang"]
[Result "0-1"]
[WhiteElo "1580"]
[BlackElo "2123"]
[Annotator "ChessOrg"]
[PlyCount "36"]
[EventDate "2000.??.??"]

1. e4 {B01: Skandinavische Verteidigung} 1... d5 2. exd5 Qxd5 3. d4 Nc6 4. Be3
e5 5. Nc3 Bb4 6. Qd2 6... Qa5 {letzter Buchzug} 7. Nge2 (7. dxe5 Nxe5 8. Bd4
8... Nf6 $11) 7... Nf6 8. a3 (8. O-O-O $5 $15 $142) 8... Ne4 $1 $17 9. Qd3 Bf5
10. Qc4 O-O-O (10... Nd6 11. Qa2 Bxc3+ 12. bxc3 Nxd4 13. Bxd4 exd4 14. Rd1 $19)
11. Rd1 $2 (11. dxe5 $142 11... Bxc3+ 12. Nxc3 $15) 11... exd4 $19 12. Bxd4
Nxd4 (12... Be6 13. Qd3 Bxc3+ 14. bxc3 Nxd4 15. Qxe4 Bf5 16. Qxd4 Rxd4 17. Rxd4
17... Qxa3 $19) 13. Nxd4 $4 (13. Rxd4 $142 13... Rxd4 14. Nxd4 Bxc3+ 15. bxc3
Qxa3 16. Qxc7+ Kxc7 17. Nb5+ Kb8 18. Nxa3 $17) 13... Bxc3+ (13... Nxc3 $143 14.
Be2 Nxd1+ 15. axb4 $19) 14. bxc3 Nxc3 (14... Qxa3 15. Bd3 Nd6 16. Bxf5+ Nxf5
17. O-O $17) 15. Rd2 (15. Bd3 Rhe8+ 16. Kf1 Nxd1 17. Bxf5+ Kb8 18. Be4 $19)
15... Rhe8+ 16. Be2 Nxe2 17. Nb3 Nc1+ 18. Kf1 Rxd2 (18... Rxd2 19. Nxd2 19...
Qxd2 $19) 0-1

[Event "Bad Woerishofen op"]
[Site "Bad Woerishofen"]
[Date "2001.??.??"]
[Round "4"]
[White "Schoebel, Klaus"]
[Black "Theussl, Manfred"]
[Result "0-1"]
[WhiteElo "1580"]
[BlackElo "1836"]
[Annotator "ChessOrg"]
[PlyCount "66"]
[EventDate "1998.03.05"]
[Source "ChessBase"]
[SourceDate "1998.04.29"]

1. e4 {C02: Franzoesische Verteidigung (Vorstossvariante)} 1... e6 2. d4 d5 3.
e5 c5 4. Nf3 Qb6 5. c3 Bd7 6. Be2 Bb5 7. O-O {letzter Buchzug} 7... Bxe2 8.
Qxe2 Nc6 9. b3 (9. dxc5 Bxc5 10. Nbd2 10... Nh6 $11) 9... cxd4 $15 10. cxd4
Nge7 11. Na3 Nf5 12. Nc2 Be7 (12... Ncxd4 13. Ncxd4 Nxd4 14. Nxd4 Qxd4 15. Qb5+
Kd8 16. Bg5+ f6 17. Qxb7 $18) 13. Rd1 Rc8 14. Bb2 O-O 15. Rd3 Rc7 16. Ne3 Nxe3
17. Qxe3 $2 (17. Rxe3 $142 17... Rfc8 18. a3 $15) 17... Nb4 $19 18. Ne1 (18.
Rc3 Nc2 19. Qc1 Rxc3 20. Bxc3 Nxa1 21. Bxa1 Qc6 22. Qxc6 22... bxc6 $19) 18...
Nxd3 19. Nxd3 Rc2 20. Rc1 Rfc8 21. Rf1 (21. Rxc2 Rxc2 22. Qe1 $19) 21... Qa5
22. a4 Qd2 23. Qg3 (23. Bc1 23... Qc3 $19) 23... Rxb2 24. Nxb2 Qxb2 25. Qd3 Qc3
(25... Rc3 $5 $142 26. Qb1 Rxb3 27. Qxb2 Rxb2 28. Rc1 $19) 26. Qb5 Qc6 27. Qd3
a6 28. Qb1 Qc2 29. Qxc2 Rxc2 30. f4 Rc3 31. Rb1 f6 32. b4 (32. g3 32... Kf7 $19
) 32... Rc4 33. exf6 Bxf6 (33... Bxf6 34. Kf1 34... Bxd4 $19) 0-1

[Event "Bad Woerishofen op"]
[Site "Bad Woerishofen"]
[Date "2001.??.??"]
[Round "6"]
[White "Schoebel, Klaus"]
[Black "Dahmen, Juergen"]
[Result "1-0"]
[WhiteElo "1580"]
[BlackElo "1624"]
[Annotator "ChessOrg"]
[PlyCount "101"]
[EventDate "1998.03.05"]
[Source "ChessBase"]
[SourceDate "1998.04.29"]

1. e4 {B40: Sizilianisch (Klassisches System mit e7-e6))} 1... c5 2. Nf3 e6 3.
b3 b6 4. Bb2 Bb7 5. Nc3 d6 6. d4 cxd4 7. Nxd4 7... Nf6 {letzter Buchzug} 8.
Bb5+ Nbd7 9. O-O Nxe4 (9... Bxe4 $143 10. Nxe4 Nxe4 11. Bc6 $16) 10. Nxe6 $2 (
10. Nxe4 Bxe4 11. Qe2 $14) 10... fxe6 $17 11. Qh5+ g6 12. Qg4 Nef6 13. Qxe6+
Be7 (13... Qe7 $5 14. Qc4 Kd8 15. Bxd7 15... Qxd7 $17 (15... Nxd7 $2 16. Nd5
Bxd5 17. Qxd5 $18) (15... Kxd7 $143 16. Rfe1 $18)) 14. Rfe1 $15 14... Kf8 (
14... Rf8 $5 $15 $142) 15. Bc4 $14 15... d5 $2 (15... Qe8 $142 16. Nb5 16... d5
$16) 16. Nxd5 $18 16... Bxd5 17. Bxd5 Nxd5 18. Bxh8 (18. Qxd5 Bf6 19. Qd6+ Kf7
20. Qe6+ Kf8 21. Bxf6 Qxf6 22. Qxd7 22... Rd8 $18) 18... Nc5 19. Qe5 Bf6 20.
Bxf6 Nxf6 21. Rad1 Ncd7 22. Qd6+ Kg8 23. Re7 Rc8 (23... Kh8 24. g4 $1 24... g5
25. Qe6 $18) 24. Qe6+ (24. Rxd7 $6 24... Qxd7 25. Qxd7 Nxd7 26. Rxd7 26... Rxc2
$11) 24... Kh8 25. Rdxd7 Nxd7 26. Rxd7 (26. Qxd7 $6 26... Qxd7 27. Rxd7 27...
Rxc2 $11) 26... Qg5 27. g3 Rf8 28. Qd6 Qf6 29. Qxf6+ Rxf6 30. Rxa7 Rd6 31. Kg2
Rd2 32. c4 h6 (32... Rb2 33. Ra6 $18) 33. b4 (33. Ra6 $5 33... Rb2 34. Rxb6
Rxa2 35. Rxg6 35... Kh7 $18) 33... Rc2 34. Rc7 Rxa2 35. c5 (35. b5 $142 35...
Rb2 $18) 35... bxc5 36. bxc5 Rc2 37. c6 Kg8 38. Kf3 Kf8 39. Ke4 Rxf2 40. Rb7
Rc2 41. c7 (41. Kd5 $5 $142 41... Ke8 42. Rh7 $18) 41... Ke8 $16 42. Rb8+ Kd7
43. c8=Q+ (43. Rh8 $16 $142) 43... Rxc8 $18 44. Rxc8 Kxc8 45. Ke5 h5 46. Kf6 h4
47. Kxg6 (47. gxh4 $5 $142 47... Kd7 48. Kxg6 48... Ke7 $18) 47... hxg3 48.
hxg3 Kd7 49. Kf7 Kd6 50. g4 Ke5 51. g5 (51. g5 Kf5 52. g6 $18) 1-0

[Event "Bad Woerishofen op"]
[Site "Bad Woerishofen"]
[Date "2001.??.??"]
[Round "8"]
[White "Schoebel, Klaus"]
[Black "Wawrinsky, Ludwig"]
[Result "0-1"]
[WhiteElo "1580"]
[BlackElo "1755"]
[Annotator "ChessOrg"]
[PlyCount "104"]
[EventDate "1998.03.05"]
[Source "ChessBase"]
[SourceDate "1998.04.29"]

1. e4 {C00: Franzoesische Verteidigung (Seltene Zuege)} 1... e6 2. d4 b6 3. Bd3
Bb7 4. Nc3 Bb4 5. Nge2 {letzter Buchzug} 5... Nf6 6. f3 Nc6 7. Be3 h6 8. O-O
Be7 9. a3 d6 10. Qd2 Qd7 11. Rad1 O-O 12. Bxh6 gxh6 13. Qxh6 Nh7 14. e5 (14. f4
Bd8 15. d5 $18) 14... f5 $11 15. exf6 (15. f4 15... Nd8 $11) 15... Bxf6 $17 (
15... Nxf6 $2 16. Qg5+ Kh8 17. Nf4 $18) 16. Nf4 (16. Rfe1 Qg7 17. Qe3 17...
Rae8 $17) 16... Rae8 (16... Nxd4 17. Nh5 Nf5 18. Nxf6+ Rxf6 19. Qd2 $19) 17.
Nh5 (17. d5 $5 17... exd5 18. Ncxd5 Bxb2 19. Bc4 $17) 17... Bxd4+ $19 18. Kh1
Bxc3 19. bxc3 Ne5 20. Bxh7+ Qxh7 21. Nf6+ Rxf6 22. Qxf6 Qg6 23. Qh4 Rf8 24. Rd2
Qf6 25. Qh5 Qg6 (25... Kg7 26. Qh3 $17) 26. Qh3 (26. Qh4 Bd5 27. Rd4 $17) 26...
Rf7 27. Qh4 $2 (27. Rd4 27... Kg7 $17) 27... Qf6 (27... Nxf3 $5 $142 28. Qd8+
28... Kg7 $19) 28. Qg3+ Rg7 29. Qf2 Ng6 30. Rd4 e5 31. Rg4 Bc8 32. Ra4 a5 33.
Re4 Nf4 34. Rg1 (34. g3 34... Ne6 $17) 34... Bb7 $19 35. Re3 Kf8 36. c4 Rh7 37.
Qg3 37... Rg7 $4 (37... Nh5 38. Qf2 $19) 38. Qf2 Qg5 39. c5 bxc5 40. Rb3 Bc6
41. Rb8+ Ke7 42. Rh8 Qf6 43. Rh4 (43. Qh4 Qxh4 44. Rxh4 44... Kf6 $19) 43...
Nxg2 $1 44. Rh3 Nf4 45. Rxg7+ Qxg7 46. Rg3 Qh7 (46... Qf7 $142 47. Rg1 Ke8 48.
Rg3 $19) 47. Qg1 (47. Qd2 Kf8 48. Kg1 $19) 47... Qxc2 48. Rg7+ (48. Qf1 48...
Qb3 $19) 48... Ke6 49. Qg4+ Kd5 50. Qg1 Kc4 (50... Qe2 51. Rg3 Ke6 52. Rg6+ Kf7
53. Rg7+ Kf6 54. Qg5+ Ke6 55. Qg4+ Kd5 56. h3 $19) 51. Qf1+ Qd3 52. Qc1+ (52.
Qxd3+ Kxd3 53. Rxc7 Bxf3+ 54. Kg1 $19) 52... Kb3 (52... Kb3 53. Rg3 53... Ne2
$19) 0-1

[Event "Bad Woerishofen op"]
[Site "Bad Woerishofen"]
[Date "2001.??.??"]
[Round "9"]
[White "Schoebel, Klaus"]
[Black "Lang, Ludwig"]
[Result "1-0"]
[WhiteElo "1580"]
[BlackElo "1192"]
[Annotator "ChessOrg"]
[PlyCount "43"]
[EventDate "1998.03.05"]
[Source "ChessBase"]
[SourceDate "1998.04.29"]

1. e4 {C50: Italienische Partie} 1... e5 2. Bc4 Bc5 3. Nf3 Nc6 4. Nc3 4... h6 {
letzter Buchzug} 5. O-O Nf6 6. Qe2 a6 (6... Nd4 7. Nxd4 Bxd4 8. Na4 $11) 7. Nd5
(7. Bxf7+ $5 $142 7... Kxf7 8. Qc4+ Kg6 9. Qxc5 $16) 7... O-O $11 8. c3 d6 9.
Nh4 (9. b4 $142 9... Ba7 10. a4 $11) 9... Bg4 $4 (9... Nxd5 $142 10. exd5 Qxh4
11. dxc6 11... bxc6 $17) 10. Nxf6+ $18 10... Qxf6 11. Qxg4 Kh8 (11... Ne7 12.
d3 $18) 12. d3 Nd8 (12... Ne7 13. b4 b5 14. Bb3 $18) 13. Nf5 Rg8 14. Qh3 g5 (
14... Re8 $18) 15. Nxh6 g4 (15... Kg7 16. Nxg8 16... Kxg8 $18) 16. Nxg4+ Kg7
17. Nxf6 Kxf6 18. Qf5+ (18. Qh4+ Kg7 19. Qh6#) 18... Ke7 $18 19. Bg5+ f6 20.
Bxf6+ Kf8 (20... Ke8 21. Bxg8 d5 22. Bh7 Bxf2+ 23. Rxf2 a5 24. Bg6+ Kf8 25. Qd7
dxe4 26. Qe8#) 21. Bxd8+ Ke8 22. Qf7+ (22. Qf7+ Kxd8 23. Be6 Rxg2+ 24. Kxg2
Bxf2 25. Qd7#) 1-0